|
|
|
|
| LEADER |
00000naa a2200000uu 4500 |
| 001 |
vtls011074286 |
| 003 |
SK-MaSNL |
| 005 |
20260302111324.0 |
| 008 |
220810|2010 xo |||||||||||||||||cze| |
| 015 |
|
|
|a SNBRA
|
| 035 |
|
|
|a (urnnbn)urn:nbn:sk:snk:ar-a0cd4l
|
| 035 |
|
|
|a (uuid)8bb641fa-dabc-48c7-8ccb-6b02b57dc407
|
| 035 |
|
|
|a urn:nbn:sk:snk-aavjc5
|
| 040 |
|
|
|a SNKBUCL
|b slo
|c SNKBUCL
|e AACR2
|
| 041 |
0 |
|
|a cze
|
| 044 |
|
|
|a xo
|c SK
|
| 100 |
1 |
|
|a Hermuth, Jiří
|4 aut
|9 777515
|
| 245 |
1 |
0 |
|a HODNOCENÍ GENETICKÝCH ZDROJŮ BÉRU VLAŠSKÉHO (SETARIA ITALICA L. BEAUV.) S CÍLEM JEJICH POTENCIÁLNÍHO VYUŽITÍ
|c Jiří HERMUTH, Josef HÝSEK, Zdeněk STEHNO
|
| 246 |
3 |
|
|a EVALUATION OF SETARIA ITALICA GENETIC RESOURCES AIMED AT THEIR POTENTIAL USE
|
| 700 |
1 |
|
|a Hýsek, Josef
|4 aut
|9 783567
|
| 700 |
1 |
|
|a Stehno, Zdeněk
|4 aut
|9 412914
|
| 773 |
0 |
|
|t Hodnotenie genetických zdrojov rastlín pre výživu a poľnohospodárstvo
|d Piešťany : Centrum výskumu rastlinnej výroby, 2010
|g S. 133-136
|z 9788089417131
|
| 954 |
|
|
|a odborná, vedecká literatúra cudzojazyčná (svetová)
|2 lita
|
| 958 |
|
|
|a OND
|
| 958 |
|
|
|a article12
|
| 958 |
|
|
|a chapter
|
| 999 |
|
|
|c 1247113
|d 1249043
|